000 00500cam a2200181 a 4500
005 20250901165344.0
008 970528s1997 nyu 000 1 eng
010 _a 97023035
020 _a0312171218
050 0 0 _aPS3572.E766 .V47 1997
_bR53 1997
082 0 0 _a813/.54
_221
100 1 _aVeryan, Patricia.
245 1 4 _aThe riddle of Alabaster Royal /
_cPatricia Veryan.
250 _a1st ed.
260 _aNew York :
_bSt. Martin's Press,
_cc1997.
300 _a325 p. ;
_c22 cm.
942 _2ddc
999 _c2659
_d2659